000 01061nam a22003257a 4500
001 BR2014000752
003 BR-BrBNA
005 20230928104400.0
007 ta
008 230509b bl.||||| |||| 00| 0 por d
040 _aBR-BrBNA
_bpor
_cBiblioteca Nacional de Agricultura
041 _a(Por)
072 _aF60; F62; F61
_b0120
090 _ 0120 BR2014000752
100 1 _aMarques, D.J.
110 1 _aUniversidade Federal de Lavras, MG (Brasil)
_0Tese (Doutorado)
245 1 _aProporções de silicato e carbonato de cálcio no crescimento, nutrição mineral e eficiência do uso da água por plantas de milho sob estresse hídrico
260 3 _aLavras, MG (Brasil):
_c2013.
300 _a184 p.
500 _aSummaries (Eng, Por); Bibliography p. 163-184; 56 illus.; 7 tables
650 _aMILHO
650 _aSTRESS
650 _aDEFICIÊNCIA HÍDRICA
650 _aCRESCIMENTO VEGETAL
650 _aNUTRIÇÃO VEGETAL
650 _aNUTRIENTE MINERAL
650 _aSILÍCIO
909 _a202309
_bLucia
_c55
_dLucia Elande
942 _cBK
999 _c79606
_d79606